MARC details
| 000 -CABECERA |
| campo de control de longitud fija |
04461nam a2200349 a 4500 |
| 003 - IDENTIFICADOR DEL NÚMERO DE CONTROL |
| campo de control |
OSt |
| 005 - FECHA Y HORA DE LA ÚLTIMA TRANSACCIÓN |
| campo de control |
20250815142427.0 |
| 007 - CAMPO FIJO DE DESCRIPCIÓN FÍSICA--INFORMACIÓN GENERAL |
| campo de control de longitud fija |
cr ||||||a|a|a |
| 008 - DATOS DE LONGITUD FIJA--INFORMACIÓN GENERAL |
| campo de control de longitud fija |
250808s2025 mx a|||fom||| 001 0 spa d |
| 040 ## - FUENTE DE LA CATALOGACIÓN |
| Normas de descripción |
rda |
| 100 1# - ENTRADA PRINCIPAL--NOMBRE DE PERSONA |
| Nombre de persona |
Pérez Ibáñez, Daniel |
| 9 (RLIN) |
190832 |
| 245 10 - MENCIÓN DE TÍTULO |
| Título |
Evaluación del fertilizante orgánico Biofertilis en diferentes modalidades para el mejor aprovechamiento de la planta de higo (Ficus caricaL.) bajo invernadero/ |
| Mención de responsabilidad, etc. |
por Daniel Pérez Ibáñez; director de teis Samuel Sanchéz Dominguez; secretario Segundo Raúl Ayanegui Méndez; vocal José de Jesús Loyola; suplente Esteban Solórzano Vega; suplente Carlos Sánchez Abarca. |
| 264 #1 - PRODUCCIÓN, PUBLICACIÓN, DISTRIBUCIÓN, FABRICACIÓN Y COPYRIGHT |
| Producción, publicación, distribución, fabricación y copyright |
Chapingo, México : |
| Nombre del de productor, editor, distribuidor, fabricante |
El autor, |
| Fecha de producción, publicación, distribución, fabricación o copyright |
2024. |
| 300 ## - DESCRIPCIÓN FÍSICA |
| Extensión |
1 recurso en línea (64 páginas): |
| Otras características físicas |
cuadros, figuras. |
| 336 ## - TIPO DE CONTENIDO |
| Fuente |
rdacontent |
| Término de tipo de contenido |
texto |
| Código de tipo de contenido |
txt |
| 337 ## - TIPO DE MEDIO |
| Fuente |
rdamedia |
| Nombre/término del tipo de medio |
computadora |
| Código del tipo de medio |
c |
| 338 ## - TIPO DE SOPORTE |
| Fuente |
rdacarrier |
| Nombre/término del tipo de soporte |
recurso en línea |
| Código del tipo de soporte |
cr |
| 502 ## - NOTA DE TESIS |
| Tipo de título |
Ingeniero Agrónomo Especialista en Fitotecnia |
| Nombre de la institución que otorga el título |
Departamento de Enseñanza, Investigación y Servicio en Fitotecnia, |
| Año de obtención del título |
2024. |
| Información miscelánea |
Licenciatura |
| 504 ## - NOTA DE BIBLIOGRAFÍA, ETC. |
| Nota de bibliografía, etc. |
Incluye referencias bibliográficas: páginas 55-57. |
| 520 ## - SUMARIO, ETC. |
| Sumario, etc. |
México está influenciado a una producción de fruta restringido por temporadas de cosecha, sin embargo, la demanda que hay en el mercado nacional e internacional nos orilla a buscar más alternativas de producción, como lo son los sistemas intensivos bajo cubiertas plásticas, donde el manejo del cultivo puede ser monitoreado para producir en diferentes temporadas del año. En la producción bajo sistemas intensivos es necesario tener una base para poder nutrir al cultivo y así poder obtener todo su potencial genético en el órgano de interés comercial. En la actualidad variedades presentes en el país, como Black Mission, Kadota, Gomez, y Netzahualcóyotl, son variedades partenocarpicas con un gran potencial para producir fruto fresco y seco que han abastecido la demanda que han generado debido a su alto contenido de azucares, minerales y antioxidantes, en mercados nacionales e internacionales, es por esto que en México se ha impulsado la producción de este cultivo en los últimos años, buscando diferentes alternativas para su mejor producción. En base a esto se planteó una investigación que sirva como alternativa para la producción eficiente del higo. El objetivo de este trabajo fue evaluar el comportamiento del cultivo de higo (Ficus carica L.) cv. Netzahualcóyotl bajo invernadero, en respuesta a la aplicación en tres diferentes modalidades a una misma dosis del biofertilizante SM-BIOFERTILIS®. Los tratamientos se aplicaron de forma foliar, drench, y drench + foliar. Las variables evaluadas fueron altura de planta, numero de hojas, diámetro de tallo, numero de entrenudos, numero de frutos, diámetro de fruto, y peso de fruto. El diseño usado fue completamente al azar con 5 repeticiones por tratamiento con 3 muestreo por repetición. Para la modalidad de foliar, se obtuvieron frutos con mejor tamaño, más grados Brix y una buena altura, siendo este tratamiento el que mejor resultados dio, las plantas que se les aplicó solo en drench, tuvieron un tallo más fuerte, grueso, mayor color en las hojas y con un crecimiento más rápido de tallos que los demás tratamientos, en el caso donde se aplicó drench + foliar, hubo un desequilibrio en los órganos de las plantas, pues unas presentaron mayor altura, otras mejores hojas, un tallo más grueso o mayor retención de fruto, sin embargo al recibir una dosis más alta provoco que la planta tuviera un crecimiento vegetativo excesivo y un bajo rendimiento. Los resultados obtenidos en este trabajo, remarcan la importancia de implementar alternativas para el desarrollo de cultivos, como los productos biorracionales, con los cuales podemos obtener una excelente producción sustentable, abarcando factores importantes como el económico, el ambiental y el ecológico. |
| 650 #4 - PUNTO DE ACCESO ADICIONAL DE MATERIA--TÉRMINO DE MATERIA |
| Término de materia o nombre geográfico como elemento de entrada |
Biofertilizantes |
| Subdivisión general |
Evaluación |
| 9 (RLIN) |
191048 |
| 650 #4 - PUNTO DE ACCESO ADICIONAL DE MATERIA--TÉRMINO DE MATERIA |
| Término de materia o nombre geográfico como elemento de entrada |
Higo |
| Subdivisión general |
Fertilización |
| 9 (RLIN) |
191049 |
| 650 #4 - PUNTO DE ACCESO ADICIONAL DE MATERIA--TÉRMINO DE MATERIA |
| Término de materia o nombre geográfico como elemento de entrada |
Higo |
| Subdivisión general |
Rendimiento |
| 9 (RLIN) |
130276 |
| 650 #4 - PUNTO DE ACCESO ADICIONAL DE MATERIA--TÉRMINO DE MATERIA |
| Término de materia o nombre geográfico como elemento de entrada |
Higo |
| Subdivisión general |
Cultivos en invernadero |
| 9 (RLIN) |
130277 |
| 700 1# - PUNTO DE ACCESO ADICIONAL--NOMBRE DE PERSONA |
| Nombre de persona |
Sánchez Domínguez, Samuel |
| 9 (RLIN) |
158308 |
| Código de función/relación |
presidente. |
| 700 1# - PUNTO DE ACCESO ADICIONAL--NOMBRE DE PERSONA |
| Nombre de persona |
Ayanegui Méndez, Segundo Raúl |
| 9 (RLIN) |
8993 |
| Término indicativo de función/relación |
secretario. |
| 700 1# - PUNTO DE ACCESO ADICIONAL--NOMBRE DE PERSONA |
| Nombre de persona |
Loyola, José de Jesús |
| 9 (RLIN) |
68707 |
| Término indicativo de función/relación |
vocal. |
| 700 1# - PUNTO DE ACCESO ADICIONAL--NOMBRE DE PERSONA |
| Nombre de persona |
Solórzano Vega, Esteban |
| 9 (RLIN) |
108505 |
| Término indicativo de función/relación |
suplente. |
| 700 1# - PUNTO DE ACCESO ADICIONAL--NOMBRE DE PERSONA |
| Nombre de persona |
Sánchez Abarca, Carlos |
| Término indicativo de función/relación |
suplente. |
| 9 (RLIN) |
107301 |
| 856 ## - LOCALIZACIÓN Y ACCESO ELECTRÓNICOS |
| Identificador Uniforme del Recurso |
http://10.13.5.2/tesis/tl/1611888-2_PEREZ_IBANEZ_DANIEL.pdf |
| Nota pública |
DESCARGAR PDF |
| 942 ## - ELEMENTOS DE PUNTO DE ACCESO ADICIONAL (KOHA) |
| Fuente del sistema de clasificación o colocación |
Clasificación Universidad Autónoma Chapingo |
| Tipo de ítem Koha |
Tesis digital |